Embedded system design on a shoestring : achieving high performance with a limited budget / (Record no. 61671)

000 -LEADER
fixed length control field 01298cam a22003377a 4500
001 - CONTROL NUMBER
control field 13400713
003 - CONTROL NUMBER IDENTIFIER
control field NUST-PNEC
005 - DATE AND TIME OF LATEST TRANSACTION
control field 20170116180727.0
008 - FIXED-LENGTH DATA ELEMENTS--GENERAL INFORMATION
fixed length control field 030804s2003 ne 001 0 eng d
010 ## - LIBRARY OF CONGRESS CONTROL NUMBER
LC control number 2003278499
020 ## - INTERNATIONAL STANDARD BOOK NUMBER
International Standard Book Number 0750676094
020 ## - INTERNATIONAL STANDARD BOOK NUMBER
International Standard Book Number 8181476123
035 ## - SYSTEM CONTROL NUMBER
System control number (OCoLC)ocm52779056
040 ## - CATALOGING SOURCE
Transcribing agency PNEC
042 ## - AUTHENTICATION CODE
Authentication code lccopycat
050 00 - LIBRARY OF CONGRESS CALL NUMBER
Classification number TK7895.E42
Item number E37 2003
082 00 - DEWEY DECIMAL CLASSIFICATION NUMBER
Classification number 004.266 EDW
Edition number 22
100 1# - MAIN ENTRY--PERSONAL NAME
Personal name Edwards, Lewin A. R. W.
245 10 - TITLE STATEMENT
Title Embedded system design on a shoestring : achieving high performance with a limited budget /
Statement of responsibility, etc. by Lewin A.R.W. Edwards.
260 ## - PUBLICATION, DISTRIBUTION, ETC.
Place of publication, distribution, etc. Amsterdam ;
-- Boston :
Name of publisher, distributor, etc. Newnes,
Date of publication, distribution, etc. 2003.
300 ## - PHYSICAL DESCRIPTION
Extent ix, 232 p. ;
Dimensions 24 cm.
440 #0 - SERIES STATEMENT/ADDED ENTRY--TITLE
Title Embedded technology series
500 ## - GENERAL NOTE
General note Includes index.
650 #0 - SUBJECT ADDED ENTRY--TOPICAL TERM
Topical term or geographic name entry element Embedded computer systems.
General subdivision Computer, MIS
650 #0 - SUBJECT ADDED ENTRY--TOPICAL TERM
Topical term or geographic name entry element System design.
856 42 - ELECTRONIC LOCATION AND ACCESS
Materials specified Publisher description
Uniform Resource Identifier <a href="http://www.loc.gov/catdir/description/els041/2003278499.html">http://www.loc.gov/catdir/description/els041/2003278499.html</a>
856 41 - ELECTRONIC LOCATION AND ACCESS
Materials specified Table of contents
Uniform Resource Identifier <a href="http://www.amazon.com/Embedded-Shoestring-experience-designing-software/dp/0750676094/ref=sr_1_1?s=books&ie=UTF8&qid=1415358168&sr=1-1&keywords=0750676094">http://www.amazon.com/Embedded-Shoestring-experience-designing-software/dp/0750676094/ref=sr_1_1?s=books&ie=UTF8&qid=1415358168&sr=1-1&keywords=0750676094</a>
906 ## - LOCAL DATA ELEMENT F, LDF (RLIN)
a 7
b cbc
c copycat
d 3
e ncip
f 20
g y-gencatlg
942 ## - ADDED ENTRY ELEMENTS (KOHA)
Source of classification or shelving scheme
Koha item type Book
Holdings
Withdrawn status Lost status Source of classification or shelving scheme Damaged status Not for loan Permanent Location Current Location Shelving location Date acquired Cost, normal purchase price Total Checkouts Full call number Barcode Date last seen Cost, replacement price Price effective from Koha item type
          Pakistan Navy Engineering College (PNEC) Pakistan Navy Engineering College (PNEC)   05/07/2005 463.00   004.266 EDW PNECLIB-027257 11/07/2014 463.00 05/07/2005 Book
© 2023 Central Library, National University of Sciences and Technology. All Rights Reserved.